AH International Schools' Libraries

Jessi's secret language / (Record no. 49672)

MARC details
000 -LEADER
fixed length control field 00563nam a2200157 4500
020 ## - INTERNATIONAL STANDARD BOOK NUMBER
International Standard Book Number 9781338616071
100 ## - MAIN ENTRY--PERSONAL NAME
Personal name Martin, Ann M.
245 ## - TITLE STATEMENT
Title Jessi's secret language /
Statement of responsibility, etc Ann M. Martin; a graphic novel by Chan Chau; with color by Braden Lamb and Sam Bennett.
260 ## - PUBLICATION, DISTRIBUTION, ETC. (IMPRINT)
Place of publication, distribution, etc New York:
Name of publisher, distributor, etc Scholastic;
Date of publication, distribution, etc 2022.
300 ## - PHYSICAL DESCRIPTION
Extent 134 p.
Other physical details col. ill.
490 ## - SERIES STATEMENT
Series statement The Baby-sitters club - graphics; 12
650 ## - SUBJECT ADDED ENTRY--TOPICAL TERM
Topical term or geographic name as entry element Sign language.
Form subdivision Comics strips.
9 (RLIN) 86790
700 ## - ADDED ENTRY--PERSONAL NAME
Relator code colourist.
Personal name Braden Lamb.
9 (RLIN) 84629
700 ## - ADDED ENTRY--PERSONAL NAME
Relator code colourist.
Personal name Sam Bennett.
9 (RLIN) 86791
942 ## - ADDED ENTRY ELEMENTS (KOHA)
Source of classification or shelving scheme
Koha item type Books/GRAPHICS
Holdings
Withdrawn status Lost status Source of classification or shelving scheme Damaged status Not for loan Collection code Home library Current library Shelving location Date acquired Total Checkouts Total Renewals Full call number Barcode Checked out Date last seen Date checked out Price effective from Koha item type
          SECONDARY Asian Hope Secondary Library Asian Hope Secondary Library SECONDARY 10/27/2025 9 1 J GRAPHIX MAR BK.12 208762 05/07/2026 04/23/2026 04/23/2026 10/27/2025 Books/GRAPHICS

For any Logos Library related questions please contact Miss Art at swongnarasuk@asianhope.org.

For any Asian Hope Library related questions please contact Miss Raza at graza@asianhope.org.

Powered by Koha